00613nam a2200169 a 450000100100000000500170001000800410002702000150006804000250008310000330010824500770014126000530021830000290027150000210030095201050032199900170042600004308520201002040627.0140218s2001 xxuf 000 0 spa d a1586630814 aDO-SdBNPbspacBNPHU1 aPatrick Murray, G. E.97061310aBomber missions :baviation art of world war II /cG. E. Patrick Murray. aNew York, :bFriedman/Fairfax publishers,c2001. a144 p. :blam. ;c29 cm. aIncluye índice 001050718MOaGRbGRcCTd2014-02-18iLF1l0o p43085-10r2020-06-25w2020-06-25y1ZNo se presta c42574d42574